000
00277nam a22001097a 4500
082
_a
530
100
_a
Chenglei,W.Melemnganba
_9
81961
245
_a
NTA CSIR UGC NET/JRF/SET Physical Sciences
260
_a
Meerut UP
_b
Arihant Publicatiom
_c
2023
650
_a
Physics
942
_c
BK
999
_c
66202
_d
66202